Indebtedness and Profitability – A Threshold Model Approach

Vplyv dlhu na ziskovosť podnikov. Skúmanie vzťahu medzi dlhom a ziskovosťou podnikov prostredníctvom indikátorov Debt ratio (DR) a Return on Equity (ROE). Vstupné údaje pre analýzu predstavovali finančné údaje spoločností pôsobiacich v stavebnom priemysle na Slovensku. Použitie prahového regresného...

Descripción completa

Guardado en:
Detalles Bibliográficos
Autor principal: Horváthová, Jarmila
Otros Autores: Mokrišová, Martina, Petruška, Igor
Formato: Capítulo de libro
Lenguaje:inglés
Materias:
Etiquetas: Agregar Etiqueta
Sin Etiquetas, Sea el primero en etiquetar este registro!

MARC

LEADER 00000naa a2200000 4500
001 0287699
005 20220913114019.1
041 0 |a eng 
044 |a UA 
245 1 0 |a Indebtedness and Profitability – A Threshold Model Approach  |c Jarmila Horváthová, Martina Mokrišová, Igor Petruška 
520 |a Vplyv dlhu na ziskovosť podnikov. Skúmanie vzťahu medzi dlhom a ziskovosťou podnikov prostredníctvom indikátorov Debt ratio (DR) a Return on Equity (ROE). Vstupné údaje pre analýzu predstavovali finančné údaje spoločností pôsobiacich v stavebnom priemysle na Slovensku. Použitie prahového regresného modelu na určenie hranice dlhu. Skúmanie, či podiel dlhu na kapitálovej štruktúre ovplyvňuje ziskovosť firmy. Hľadanie optimálnej zadlženosti spoločnosti. 
610 2 0 |a zadlženosť 
610 2 0 |a zisk 
610 2 0 |a podnik 
610 2 0 |a kapitál vlastný 
610 2 0 |a modely 
610 2 0 |a stavebníctvo 
610 2 0 |a Slovensko 
100 1 |a Horváthová, Jarmila 
700 1 |a Mokrišová, Martina 
700 1 |a Petruška, Igor